000 00793nam a2200289 a 4500
003 AR-BaBNM
005 20251128210049.0
008 082120s2002 ||||||||||||||000 | spa||
020 _a950-06-1925-3
040 _cAR-BaBNM
100 1 _aSegre, Renato
245 0 0 _aPrincipios de foniatría para alumnos y profesionales de canto y dicción
250 _a1ª ed.
260 _aBuenos Aires
_bEditorial Médica panamericana
_c1981
300 _a151 p.
_bil.
504 _aContiene bibliografía p. 151
650 4 _aEDUCACION MUSICAL
650 4 _aCANTO
650 4 _aDICCION
650 4 _aENSEÑANZA DE LA MUSICA
650 4 _aMETODOS DE ENSEÑANZA
653 _aFONIATRIA
700 1 _aNaidich, Susana
700 1 _aJackson, Cristina A.
942 _cBK
998 _cRaquel
999 _c13869
_d13869